• 首页
  • 本馆介绍
  • 公告通知
  • 最新文献
  • 馆藏检索
  • 电子资源
  • 读者导购
  • 参考咨询
  • 我的图书馆
  • 登录
  • 详细信息显示
  • 放入我的书架
  • 预约/预借图书
  • 作者相关作品
  • 分类相关作品
  • 丛书相关作品
  • 出版社相关作品

书目信息

  • 表格格式
  • 工作单格式
  • 卡片格式
题名:
传说中国
    
 
作者: 蔡践 主编 ;寻国兵 编著
分册:   权臣
出版信息: 北京   金城出版社  2007
页数: 329页
开本: 25cm
丛书名:
单 册:
中图分类: K820.2 , K827=2
科图分类:
主题词: 历史人物--生平事迹--中国--古代 , 大臣--生平事迹--中国--古代 , 历史人物 , 大臣
电子资源:
ISBN: 978-7-80084-917-6
000 00967nam0 2200289 45
001 1050794515
005 20100419103044.26
010    @a978-7-80084-917-6@dCNY38.00
100    @a20100408d2007 em y0chiy0110 ea
101 0  @achi
102    @aCN@b110000
105    @aa z 000yd
106    @ar
200 1  @a传说中国@AChuan Shuo Zhong Guo@e人物主线图文版@ERen Wu Zhu Xian Tu Wen Ban@i权臣@IQuan Chen@f蔡践主编@FCai Jian Zhu Bian@g寻国兵编著
210    @a北京@c金城出版社@d2007
215    @a329页@c图@d25cm
330    @a本书对权臣忠与奸的传说进行了较多的介绍,通过本书的阅读有助于人们对历史上的权臣有着全面的了解和认识。
606 0  @a历史人物@x生平事迹@y中国@z古代
606 0  @a大臣@x生平事迹@y中国@z古代
606 0  @a历史人物
606 0  @a大臣
690    @aK820.2@v4
690    @aK827=2@v4
701  0 @a蔡践@ACai Jian@4主编
702  0 @a寻国兵@AXun Guo Bing@g(编辑)@4编著
801  0 @aCN@bTANGWEI@c20100419
905    @b0590521-25@dK820.2@e116:1@f5
    
    传说中国:人物主线图文版.权臣/蔡践主编/寻国兵编著.-北京:金城出版社,2007
    329页:图;25cm
    
    
    ISBN 978-7-80084-917-6:CNY38.00
    本书对权臣忠与奸的传说进行了较多的介绍,通过本书的阅读有助于人们对历史上的权臣有着全面的了解和认识。
●
相关链接 在E读中查询图书 在五车中查询图书 在当当中查询图书 在豆瓣中查询图书


正题名:传说中国     索取号:K820.2/116:1         预约/预借

序号 登录号 条形码 馆藏地/架位号 状态 备注
1 0590521   205905216   第二样本阅览室/ [索取号:K820.2/116:1] 在馆    
2 0590522   205905225   第二借阅区/ [索取号:K820.2/116:1] 在馆    
3 0590523   205905234   第二借阅区/ [索取号:K820.2/116:1] 在馆    
4 0590524   205905243   第二借阅区/ [索取号:K820.2/116:1] 在馆    
5 0590525   205905252   第二借阅区/ [索取号:K820.2/116:1] 在馆    
唐山师范学院图书馆 欢迎您!
大连网信软件有限公司© 版权所有